000 00623cam a22002173a 4500
001 39469
003 PGUSA
005 20140828083857.0
008 120417s2012||||xxu|||||s|||||000 | eng d
040 _aPGUSA
_beng
042 _adc
100 1 _aCrispi, Francesco,
_d1818-1901
245 1 0 _aQuestioni internazionali
_h[electronic resource] /
_cFrancesco Crispi
260 _bProject Gutenberg,
_c2012
506 _aPublic domain in the USA.
516 _aElectronic text
700 1 _aPalamenghi-Crispi, Tommaso
830 0 _aProject Gutenberg
_v39469
856 4 0 _uhttp://www.gutenberg.org/ebooks/39469
942 _cEB
999 _c268722
_d268722